000 00826nam a2200265 i 4500
001 42556
003 ES-MaACL
005 20250731070339.0
007 t|
008 030407s2002 sp ||||1| spa d
020 _a84-8371-294-6
080 _a81'42
080 _a81'22
100 1 _aMetzeltin, Michael.
_980747
245 1 3 _aEl arte de contar: una iniciación
_b: un ensayo metodológico y antropológico acerca de la textualidad /
_cMiguel Metzeltin, Margit Thir.
250 _a1ª ed.
260 _a[Murcia] :
_bUniversidad de Murcia,
_c2002.
300 _a233 p. ;
_c24 cm.
504 _aBibliografía: p. 211-233.
650 1 7 _aAnálisis del discurso
_2embne
_99764
650 4 _aSemiótica.
_917041
700 1 _aThir, Margit.
_9109972
852 _aES-MaACL
_jL-26159
_bR.131732
999 _c42556
_d42556